| 000 | 01013nam a2200193 a 4500 | ||
|---|---|---|---|
| 001 | 001137456 | ||
| 003 | AM-YeHGA | ||
| 005 | 20250617152131.0 | ||
| 008 | 160325s1976 ||| r 000 0 rus d | ||
| 040 | _aAM-YeHGA | ||
| 041 | 0 | _arus | |
| 100 | 1 | _aТомилин, Авенир Григорьевич | |
| 245 | 1 | 0 |
_aСистематика животного мира : _b(Характеристика основных групп) : Лекция для студентов-заочников по специальности 2019 "Биология" (специализация "Охотоведение") / _cА.Г. Томилин; Всесоюз. с.-х. ин-т заоч. образования. |
| 260 |
_aМосква : _bВСХИЗО, _c1976. |
||
| 300 | _a37 с. | ||
| 653 | 0 | _aСистема животных - Пособия для заочников | |
| 710 | 2 | _aВсесоюзный сельскохозяйственный институт заочного образования | |
| 090 | _c366790 | ||
| 999 |
_c364930 _d364930 |
||